000 00756nam a22002417a 4500
003 UA-OsUOA
001 36254
007 ta
008 20060120b un ||||| |||| 00| 0 ukr d
100 _aЗайченко Н.Ф.
090 _a811.161.2
_bЗ-17
942 _cBK
040 _aUA-OsUOA
_bukr
_cUA-OsUOA
_dUA-OsUOA
245 _aПрактичний курс української мови для іноземців: усне мовлення
300 _a324 с.
955 _a2
041 _aukr
080 _a811.161.2
020 _a966-7999-88-2
260 _aК.
_bЗнання України
_c2005
650 7 _a8 Мовознавство. Художня література. Літературознавство
_2UDC
999 _c322494
_d322494